| 000 | 00375nam a2200157Ia 4500 | ||
|---|---|---|---|
| 008 | 221030s9999 xx 000 0 und d | ||
| 020 | _a0070579091 | ||
| 041 | _aEnglish | ||
| 082 |
_a105.23 _bSko |
||
| 100 | _aM. I. Skolnik | ||
| 245 | 0 |
_aIntroduction to Radar Systems _cby M. I. Skolnik |
|
| 260 |
_bPHI _aNew Delhi _c2000 |
||
| 300 | _a581 | ||
| 650 | _aECE | ||
| 942 | _cBK | ||
| 999 |
_c6842 _d6842 |
||